Institucionální změna a výkonnost tranzitivních ekonomik

Definícia a koncepty inštitucionálnej zmeny. Spoločné črty ekonomických inštitúcií. Typické inštitúcie. Hospodárske správanie sa pri absencii inštitúcií. Teória inštitucionálnych zmien. Inštitucionálne zmeny v transformujúcich sa krajinách.

Na minha lista:
Detalhes bibliográficos
Autor principal: Hare, Paul
Formato: Capítulo de Livro
Idioma:tcheco
Assuntos:
Tags: Adicionar Tag
Sem tags, seja o primeiro a adicionar uma tag!

MARC

LEADER 00000naa a2200000 4500
001 r048021
005 20231003115617.1
041 0 |a cze 
044 |a CZ 
245 1 0 |a Institucionální změna a výkonnost tranzitivních ekonomik  |c Paul Hare 
520 |a Definícia a koncepty inštitucionálnej zmeny. Spoločné črty ekonomických inštitúcií. Typické inštitúcie. Hospodárske správanie sa pri absencii inštitúcií. Teória inštitucionálnych zmien. Inštitucionálne zmeny v transformujúcich sa krajinách. 
610 2 0 |a výkonnosť ekonomiky 
610 2 0 |a inštitucionalizmus 
610 2 0 |a inštitúcia 
610 2 0 |a transformácia 
610 2 0 |a SVE 
610 2 0 |a teórie ekonomické 
610 2 0 |a pojmy 
610 2 0 |a prostredie ekonomické 
100 1 |a Hare, Paul